Spišiaci dobyli nitriansku pevnosť extraliga basketbalistov - 10. kolo: Prievidza sa radovala z prvého víťazstva

Bibliographic Details
Format: Article
Language:Slovak
PhysicalDescription:Fotogr., tab.
ISSN:0139-7001
Subjects:

MARC

LEADER 00000nab a2200000 ar4500
001 vtls008413627
003 SK-MaSNL
005 20260303070227.0
008 051206c20051128xo sr|p|||||||000 b|slo
015 |a SNBRB2005/12  |2 snkbucl 
038 |a SNKBUCL 
040 |a SNKBUCL  |b slo  |c SNKBUCL  |e AACR2 
041 0 |a slo 
044 |a xo  |c SK 
080 |a 796.323.2.093.1  |2 UDC-MRF-SK2 
245 0 0 |a Spišiaci dobyli nitriansku pevnosť  |b extraliga basketbalistov - 10. kolo: Prievidza sa radovala z prvého víťazstva 
300 |b Fotogr., tab. 
648 7 |a sezóna 2005/2006  |2 snkbucl  |9 1033192 
650 0 7 |a basketbal  |2 snkbucl  |9 3290 
650 0 7 |a 10. kolo  |2 snkbucl  |9 872588 
650 0 7 |a muži  |2 snkbucl  |9 4888 
650 0 7 |a extraliga   |2 snkbucl  |9 18992 
773 0 |t Šport  |g Roč. 59, č. 274 (28.11.2005), s. 14  |x 0139-7001 
852 |a SNK  |b KIS3GCP 
999 |c 1754469  |d 1756399